Bienvenido a nuestro catálago, Biblioteca Universidad Monteávila

Vista normal Vista MARC

Entrada Encabezamiento temático

Número de registros utilizados en: 14

001 - NÚMERO DE CONTROL

  • campo de control: 3476

003 - IDENTIFICADOR DEL NÚMERO DE CONTROL

  • campo de control: vecauma

005 - FECHA Y HORA DE LA ÚLTIMA TRANSACCIÓN

  • campo de control: 20221031162535.0

008 - DATOS DE LONGITUD FIJA

  • campo de control de longitud fija: 221025|| aca||aabn | a|a d

040 ## - FUENTE DE LA CATALOGACIÓN

  • Centro catalogador/agencia de origen: vecauma

150 ## - Materia

  • Encabezamiento temático: MEDIOS DE COMUNICACION SOCIAL
  • Subdivisión general: ASPECTOS POLITICOS

450 ## - REFERENCIA DE “VEASE” MATERIA

  • Encabezamiento temático: Mass media
  • Subdivisión temática general: Political aspects

450 ## - REFERENCIA DE “VEASE” MATERIA

  • Encabezamiento temático: Aspectos políticos de los medios de comunicación social

450 ## - REFERENCIA DE “VEASE” MATERIA

  • Encabezamiento temático: Medios de comunicación social y política

550 ## - REFERENCIA DE "VEASE ADEMAS" MATERIA

  • Encabezamiento temático: COMUNICACION EN POLITICA
  • Subcampo de control : g

550 ## - REFERENCIA DE "VEASE ADEMAS" MATERIA

  • Encabezamiento temático: PRENSA Y POLITICA

670 ## - FUENTE EN LA QUE SE LOCALIZARON DATOS

  • Cita de la fuente: Catálogo de Autoridades de la Biblioteca Nacional de España, 2022
  • Información localizada: (Medios de comunicación social-Aspectos políticos)

670 ## - FUENTE EN LA QUE SE LOCALIZARON DATOS

  • Cita de la fuente: Catálogo de Autoridades de la Biblioteca del Congreso, 2022
  • Información localizada: (Mass media-Political aspects)

Copyright @ UMA Library
Universidad Monteávila Caracas, Venezuela

Edif. Sede principal Universidad Monteávila. Av. El Buen Pastor. Boleíta Norte. Caracas. 
Customized by Universidad Monteávila

Con tecnología Koha